000
00206nam a22000857a 4500
001
1235271
005
20250930120236.0
245
_a
ELDEN DÜŞME
_c
ELLEN WITTLINGER
260
_b
GÜNIŞIĞI KİTAPLIĞI YAYINLARI
999
_c
1235271
_d
1235271